[Event "Foros Aerosvit"]
[Site "Foros"]
[Date "2007.06.19"]
[Round "2"]
[White "Dominguez Perez, Leinier"]
[Black "Shirov, Alexei"]
[Result "0-1"]
[WhiteElo "2678"]
[BlackElo "2699"]
[Annotator "Marin,M"]
[PlyCount "92"]
[EventDate "2007.06.18"]
[EventType "tourn"]
[EventRounds "11"]
[EventCountry "UKR"]
[EventCategory "18"]
[SourceTitle "CBM 119"]
[Source "ChessBase"]
[SourceDate "2007.08.01"]
[SourceVersion "1"]
[SourceVersionDate "2007.08.01"]
[SourceQuality "1"]

1. e4 e5 2. Nf3 Nc6 3. Bb5 a6 4. Ba4 Nf6 5. O-O b5 6. Bb3 Bc5 7. a4 Rb8 8. c3
d6 9. d4 Bb6 10. Na3 O-O 11. axb5 axb5 12. Nxb5 Bg4 13. Bc2 Bxf3 14. gxf3 {
The most ambitious continuation.} (14. Qxf3 {maintains the kingside structure
intact, but gives up the advantage in the centre too easily.} exd4 15. Bg5 (15.
cxd4 {is completely inoffensive.} Nxd4 16. Nxd4 Bxd4 17. Rb1 c5 18. Rd1 d5 {
Joachim,S (2438)-Bacrot,E (2645)/Rethymnon 2003/CBM 098 (1/2-1/2, 25). and
Black's centralisation compensates for the white pair of bishops.}) 15... h6
16. Bh4 ({It appears that the exchange} 16. Bxf6 Qxf6 17. Qxf6 gxf6 {does not
offer White an advantage. In order to exploit the weakness of the black
kingside it would be necessary to transfer the knight to f5 or h5, but this is
not easy to achieve. At the same time, Black has certain superiority on the
other wing.}) 16... dxc3 17. bxc3 Ne5 18. Qe2 Ng6 19. Bg3 Re8 $11 {Polgar,J 
(2645)-Shirov,A (2690)/Linares 1997/CBM 057 (1/2-1/2, 25)}) 14... Nh5 {
Abstratctly speaking, Black's compensation is obvious. He will soon be able to
install a knight on f4, which is not only a threatening move against the white
king, but also an important strategic achievement. On the other hand, White
has a strong pawn centre, keeping the b6-bishop somewhat out of play. The
position is enormously complicated and can lead to interesting fight.} 15. Be3
$146 {This natural developing move has one hidden drawback: White defines the
bishop's intentions too soon. In certain cases (after Kh1 and Rg1) the bishop
can induce some lack of harmony in Black's camp by means of ...Bg5.} ({
Previously, the immediate} 15. Kh1 {[%cal Yf1g1] has been played.} Qf6 16. Ra4
{It is not easy to understand the whole depth of this move. White is under
pressure on the kingside, but the first thing he does is activate the rook on
the other wing, without any obvious possibility of transfering it to, say, g4.
I have spotted two main ideas behind this mysterious rook lift, which will be
explained slightly later. (see the comments to the 19th move of this line).}
Nf4 {It is important to obstruct the c1-h6 diagonal, now or on the next move.}
(16... Ne7 17. Rg1 Ng6 18. Bg5 Qe6 19. Bd3 $6 {After having achieved the
partial aim of driving the enemy queen away from the dark squares, it would
have been better to retreat with the bishop to e3. In this case, ...Qh3
followed by ...Nh4 could have been met by Bd3-e2, when Black releases the
pressure against the f4-square.} Nhf4 $1 {The bishop is trapped now on g5. The
least Black will achieve is force the exchange on f4, with entirely adequate
compensation for the pawn in view of the chronic weakness of the kingside dark
squares.} 20. Bf1 c6 21. Na3 d5 22. exd5 cxd5 23. Nc2 Ra8 24. Ne3 Rxa4 25. Qxa4
exd4 26. cxd4 Bc7 27. Qa7 Bb8 28. Qa6 Qxa6 29. Bxa6 Nh3 {If the rook moves now,
then ...h6 traps the bishop for good.} 30. Nxd5 Nxg1 31. Kxg1 Ba7 $15 {
Kosintseva,N (2472)-Lahno,K (2449)/Krasnoturyinsk 2006/CBM 113 ext (0-1, 98)})
17. Rg1 Ne7 18. Be3 Neg6 19. Rg3 Nh5 ({Time has come to reveal the mystery of
Ra4. If Black plays} 19... c6 20. Na3 d5 {as in our main game, we can see two
main differences. First of all, the d4-square enjoys additional protection.
Secondly, and maybe more important, the knight retreat has not obstruct the
rook in any way and White can play} 21. Ra6 {, underlining the lack of
stability of the b6-bishop.}) 20. Rg4 h6 {and now, in Leko,P (2741)-Karjakin,S
(2591)/Dortmund 2004/CBM 102 (1/2-1/2, 30), White could have consolidated his
position by means of} 21. Bd3 Nhf4 22. Bf1 {according to Karjakin, although
his evaluation "+/-" might be exagerrated: White has no easy way to make
further progress yet.}) (15. dxe5 {was recommended by Karjakin and
successfully tried in practice. The capture with the pawn allows the
undesirable exchange of queens, while ...Nxe5 is strongly met by f4. Therefore.
..} Qh4 16. exd6 Ne5 $5 {This move seems to offer Black good counterplay.} (
16... Ng3 $6 {is elegant but premature:} 17. dxc7 Nxf1 18. Qxf1 $14 {offered
White more than sufficient compensation for the exchange in Ganguly,S (2559)
-Gareev,T (2525)/Calcutta 2004/CBM 103 ext (1-0, 61).}) 17. dxc7 (17. Nd4 Qh3 {
[%csl Gf3][%cal Rb6d4]} 18. Ra3 Rbd8 $1 $44 {[%cal Yd8d6,Yd6g6]} (18... c5 $2
19. f4 $3 {[%cal Ya3h3]})) (17. Kg2 cxd6 $44 {[%cal Yb8e8,Ye8e6,Ye6g6,Rh5f4,
Gf8e8]} 18. Nxd6 Nf4+ 19. Bxf4 Qxf4 {[%csl Rh2][%cal Yb6c7]}) 17... Bxc7 18.
Nxc7 Rfd8 (18... Qh3 19. Ra5 Nxf3+ 20. Qxf3 Qxf3 21. Bd1 $14) 19. Ra5 (19. Qe2
Qh3 20. Bd1 Rxd1 $17) 19... Rxd1 20. Bxd1 Nd3 $36) 15... Qf6 16. Kh1 Ne7 17.
Rg1 Ng6 18. Rg4 {Having spent a tempo on Be3 prematurely, White cannot
transpose to the previous lines.} (18. Ra4 Nh4 $5) (18. Bg5 Qe6 {[%csl Gg5]
[%cal Rh5f4]} 19. Be3 {leads only to move repetition after} Qf6 $11) 18... Nhf4
19. Bb3 ({However,} 19. Ra4 {still seems to make some sense.}) 19... c6 20. Na3
d5 {Now, this occupation of the centre is playable for Black.} 21. exd5 (21.
Nc2 dxe4 22. fxe4 Rfd8 $44) 21... cxd5 22. Nb5 {Placing the knight on a
vulnerable square, which allows Black develop his attack with gain of tempo.} (
22. Nc2 {looks safer.}) 22... Qc6 23. Ba4 f5 24. Rg3 e4 25. fxe4 {This might
be premature, but Black has made considerable progress on the kingside already.
} dxe4 $5 {It is hard to give a final evaluation to this ambitious move.} ({
The more restrained} 25... fxe4 $44 {, opening the f-file and keeping White's
centre under control, looks more solid.}) 26. d5 $6 {This move allows the
exchange of the dark-squared bishops, which is bad for two main reasons. First
of all, the e3-bishop was a key defender of the dark squares and secondly, the
b6-bishop was strongly restricted by the white centre.} (26. Na7 Qf6 27. Nc6 {
might have questioned the viability of Black's 25th move.}) 26... Qf6 27. Bxb6
Qxb6 {The position is very dangerous for White now. All Black has to do is
avoid the exchange of the queens and his overwhelming kingside advantage
should come to tell.} 28. Qd4 Qb7 29. c4 Ne2 30. Qa7 Nxg3+ 31. hxg3 Qc8 32. Qc7
Qa6 33. d6 e3 34. fxe3 Qa8+ 35. Kh2 Ne5 ({The shortest way to a win was} 35...
f4 $1 {but it is not easy to spot that after} 36. exf4 (36. gxf4 Qf3 $19) {
Black has} 36... Rfe8 $3 {. The natural tendency is to place the other rook on
e8, but then White could prevent the infiltration on the second rank by a
knight retreat. Now,} 37. Nc3 {or 37.Nd4 lead to mate after} Rxb2+) 36. Qc5
Ng4+ 37. Kg1 Kh8 38. Qd5 Qa5 39. Qd4 Rbe8 40. b4 Qd8 41. Ra3 Re4 42. Qc5 Re5
43. Qd4 f4 44. exf4 Re1+ 45. Kg2 Qe8 46. Bd1 Qh5 0-1

[Event "RUS-ch Superfinal 61st"]
[Site "Moscow"]
[Date "2008.10.03"]
[Round "1"]
[White "Lastin, Alexander"]
[Black "Tomashevsky, Evgeny"]
[Result "1-0"]
[WhiteElo "2651"]
[BlackElo "2646"]
[Annotator "Marin,M"]
[PlyCount "79"]
[EventDate "2008.10.03"]
[EventType "tourn"]
[EventRounds "11"]
[EventCountry "RUS"]
[EventCategory "17"]
[SourceTitle "CBM 127"]
[Source "ChessBase"]
[SourceDate "2008.11.13"]
[SourceVersion "1"]
[SourceVersionDate "2008.11.13"]
[SourceQuality "1"]

1. e4 e5 2. Nf3 Nc6 3. Bb5 a6 4. Ba4 Nf6 5. O-O b5 6. Bb3 Bb7 {Over the past
decade, the neo-Arkhangelsk (...Bc5 without ...Bb7) has been submitted to
thorough theoretical and practical examination. Lately, the variation seems to
be passing through a crisis and the genuine Arkhangelsk (consigned to oblivion
some time ago, without any obvious reason) may be on the way to becoming
fashionable again.} 7. Re1 Bc5 8. c3 d6 9. d4 Bb6 10. a4 O-O 11. Bg5 h6 12. Bh4
g5 13. Bg3 Re8 {An important tabyia. Black has weakened his kingside, but
hopes to keep the g3-bishop out of play. In the event of an early opening of
the centre, his bishops may become very threatening.} 14. axb5 ({A slow course
of events should not bother Black too much after} 14. Qd3 Qd7 15. Nbd2 Kg7 16.
Rad1 Re7 $6 {Unnecessarily taking the e7-square away from the knight.} (16...
Rad8 {is more natural and probably better.} 17. Nf1 $140 Na5 18. Bc2 Nc4 $36)
17. Nf1 (17. d5 $1 $14 {[%csl Re7]}) 17... Na5 18. Bc2 Nc4 19. dxe5 dxe5 20.
Qe2 Qe8 21. Bd3 Nd6 $11 {Tatai,S (2410)-Costa,J (2425)/Manila 1992/TD (1/2, 62)
}) ({Releasing the tension in the centre with} 14. dxe5 Nxe5 15. Nxe5 dxe5 {
is also harmless for Black.} 16. Nd2 Qd6 (16... c5 17. Qe2 c4 18. Bc2 {Zapata,
A (2520)-Vittorino,C (2332)/Neiva 2005/CBM 106 ext (1-0, 30)} Qe7 $13) 17. axb5
axb5 18. Rxa8 Rxa8 19. Qe2 {Erdogdu,M (2303)-Godena,M (2527)/Istanbul 2003/CBM
096 (1/2, 43)} Bc6 $11) ({The necessity of opening the a-file before playing
h4 can be inferred from the following game} 14. h4 Na5 $1 15. hxg5 $5 (15. Bc2
exd4 16. hxg5 Nxe4 $13) 15... Nxb3 16. gxf6 Nxa1 {This rook would not be
hanging after previous exchanges on b5 and a8.} 17. Bh4 exd4 18. Qd2 Kh7 (18...
Rxe4 19. Qxh6 Rxe1+ 20. Nxe1 Qf8 21. Qg5+ Kh7 22. Qf5+ $11 {Bykhovsky,Av.}) 19.
Ng5+ Kg8 20. Nf3 Kh7 21. Ng5+ Kg8 22. Ne6 Rxe6 23. Qxh6 Qf8 24. Qg5+ Kh8 25.
Qh5+ Kg8 {1/2 Mestel,A (2450)-Beliavsky,A (2545)/Mexico 1978/EXT 2003}) 14...
axb5 15. Rxa8 Bxa8 16. h4 (16. d5 {leaves the bishop looking odd on g3 and
allows Black to develop a strong kingside initiative.} Ne7 17. c4 (17. Na3 c6
18. dxc6 Bxc6 19. Qd3 Qb8 20. Nc2 Bc5 21. Nb4 Bxb4 22. cxb4 Kg7 {Sanden,S 
(2340)-Moberg,K (2300)/Lindesberg 1993/EXT 2000 (1/2, 41)}) 17... bxc4 18. Bxc4
Ng6 19. h3 Bb7 20. Bb5 Rf8 21. Nfd2 h5 22. Nc4 Bd4 23. Nbd2 Qb8 24. Qb3 h4 25.
Bh2 g4 $36 {with a strong initiative at no cost in Generalov,N (2245)-Rausis,I
(2490)/W-Cup7 fin corr 1994/Corr 2002 (0-1, 39)}) 16... g4 17. Nh2 Qd7 18. h5
$5 $146 {A logical novelty. WHite intends to undermine the g4-pawn with Bh4,
without releasing the tension in the centre. The only drawback of this plan is
that the queen's knight is still undeveloped.} (18. d5 {makes more sense than
one move earlier, because the black kingside has been weakened, but the
position remains uncertain.} Ne7 19. h5 (19. Qe2 $6 {loses time and places the
queen on a vulnerable square.} c6 20. dxc6 Bxc6 21. Nd2 Ng6 22. Ra1 Nf4 23.
Bxf4 exf4 $17 {Jabot,D-Sakellarakis,D/UECC email 1999/Corr 2002 (1/2, 31)})
19... Kg7 20. Bh4 Neg8 ({Black also managed to hold after} 20... Nxh5 21. Nxg4
Ng6 22. Ne3 Bxe3 23. Qxh5 Bc5 24. Nd2 Bb7 25. Nf1 Nxh4 26. Qxh4 Bc8 27. Bd1 Qd8
28. Qxd8 Rxd8 29. b4 Bb6 30. Be2 Bd7 31. Ra1 Kg6 32. Ne3 {1/2 Krakops,M (2295)
-Fainveits,L (2245)/Riga 1993/CBM 035 ext}) 21. Nd2 c6 22. Ndf1 cxd5 23. exd5
Qf5 24. Ne3 Qxh5 25. Nhxg4 Nxg4 26. Qxg4+ Qxg4 27. Nxg4 f5 28. Ne3 Kg6 $13 {
Prokopp,H-Montag,A/Germany 1996/Corr 2004 (0-1, 52). The central structure is
not unpromising for Black.}) 18... exd4 $1 {The logical reaction. Black's
bishop will revive soon.} 19. Bh4 Kg7 20. Nd2 dxc3 21. Bxf6+ Kxf6 22. Nxg4+ Kg7
23. bxc3 Ne5 24. Ne3 Kh7 $1 $36 {[%cal Ge8g8] Probably best. It appears that
the opening of the g-file favours Black, while White is not sufficiently well
developed to take advantage of the f5-square.} (24... Nd3 {is probably
premature and leads to unclear consequences.} 25. Rf1 (25. Re2 Rg8) 25... Bxe3
({The spectacular} 25... Nxf2 {turns out well for White after} 26. Kxf2 f5 27.
Ke2 Bxe4 28. Nxe4 Rxe4 29. Qd5 Rxe3+ 30. Kd1 Kf6 31. g4 Re5 32. Qg8 $40) 26.
fxe3 Ne5 $13 {and Black seems to be doing OK. Still, it would be a pitty to
have to part with the dark-squared bishop...}) 25. Nf3 {White decides to give
up a pawn in order to avoid the numerous possible tactical tricks.} (25. Bc2
Rg8 $36 26. Nf5 $2 Rxg2+ $1 27. Kxg2 Qxf5 $17) (25. Nf5 Rg8 {[%cal Gg8g2]} 26.
g3 Rg5 27. Qe2 Qc6 28. Bd5 Qxc3 29. Bxa8 Rxg3+ 30. Kf1 Rg8 $19 {[%cal Gc3h3,
Gg8a8] In both these lines, we can notice how unstable the knight can be on f5.
}) 25... Nxf3+ $6 {This intermediate exchange just helps White activate his
queen, which will weigh rather heavily in the balance of the position.} ({
Black should not have refrained from the immediate} 25... Bxe4 $1 {for instance
} 26. Nd4 Rg8 27. Bd5 (27. Bc2 f5) 27... Rxg2+ $1 28. Nxg2 Bxd5 29. Re3 $8 b4
$5 {[%csl Rd4]} 30. cxb4 Qg4 31. Qxg4 Nxg4 32. Rg3 f5 $44 {[%csl Rd4,Rf2,Rg3]
[%cal Gb6f2]}) 26. Qxf3 Bxe4 27. Qf4 $36 {Black's position is dangerous now.}
Bxe3 28. Rxe3 Bb1 29. Rf3 $40 f5 30. Qc1 Be4 31. Rg3 f4 32. Qxf4 Qf5 33. Qe3
Qxh5 34. Qd2 Qf5 35. f3 Bb1 36. Qd4 Qe5 37. Qh4 Bf5 38. f4 Qe1+ 39. Kh2 Bg6 40.
Qf6 1-0

[Event "EU-ch 11th"]
[Site "Rijeka"]
[Date "2010.03.17"]
[Round "11"]
[White "Parligras, Mircea Emilian"]
[Black "Balogh, Csaba"]
[Result "1/2-1/2"]
[WhiteElo "2551"]
[BlackElo "2622"]
[Annotator "Marin,M"]
[PlyCount "70"]
[EventDate "2010.03.06"]
[EventType "swiss"]
[EventRounds "11"]
[EventCountry "CRO"]
[SourceTitle "CBM 136"]
[Source "ChessBase"]
[SourceDate "2010.05.18"]
[SourceVersion "1"]
[SourceVersionDate "2010.05.18"]
[SourceQuality "1"]

1. e4 e5 2. Nf3 Nc6 3. Bb5 a6 4. Ba4 Nf6 5. O-O b5 6. Bb3 Bb7 7. Re1 Bc5 8. c3
d6 9. d4 Bb6 10. a4 (10. Bg5 {is by far the most popular move.}) 10... O-O 11.
h3 h6 12. axb5 axb5 13. Rxa8 Bxa8 14. d5 Ne7 15. Be3 $146 {An over-cautious
move. After the exchange of bishops, Black has no strategic problems at all.} (
{Suggestive of the shadow into which the "Old Arkhangelsk" has fallen, the
previous relevant game is 15 years old:} 15. Na3 c6 16. dxc6 Bxc6 17. Bc2 Ng6
18. Bd3 Qd7 19. b4 Ra8 20. c4 Rxa3 21. Bxa3 bxc4 22. Bxc4 Nxe4 $44 {Adams,M 
(2655)-Onischuk,A (2590)/Wijk aan Zee 1995/CBM 046 (0-1, 31)}) 15... Bxe3 16.
Rxe3 c6 17. dxc6 Bxc6 18. Nbd2 Ng6 19. Bc2 Qa8 20. Qb1 Re8 21. Nf1 d5 22. exd5
Nxd5 23. Re1 Ndf4 24. Be4 Bxe4 25. Qxe4 Qxe4 26. Rxe4 Nd3 27. Re2 Ra8 28. Rd2
e4 29. Nd4 Ngf4 30. Ng3 Ra1+ 31. Kh2 Re1 32. Nc2 Rb1 33. Na3 Re1 34. Nc2 Rb1
35. Na3 Re1 1/2-1/2

[Event "Dortmund SuperGM 38th"]
[Site "Dortmund"]
[Date "2010.07.18"]
[Round "4"]
[White "Naiditsch, Arkadij"]
[Black "Leko, Peter"]
[Result "1/2-1/2"]
[WhiteElo "2684"]
[BlackElo "2734"]
[Annotator "Marin,M"]
[PlyCount "109"]
[EventDate "2010.07.15"]
[EventType "tourn"]
[EventRounds "10"]
[EventCountry "GER"]
[EventCategory "20"]
[SourceTitle "CBM 138"]
[Source "ChessBase"]
[SourceDate "2010.09.17"]
[SourceVersion "1"]
[SourceVersionDate "2010.09.17"]
[SourceQuality "1"]

1. e4 e5 2. Nf3 Nc6 3. Bb5 a6 4. Ba4 Nf6 5. O-O b5 6. Bb3 Bc5 7. a4 Rb8 8. axb5
axb5 9. Nxe5 {Not a very ambitious continuation.} Nxe5 10. d4 Bxd4 11. Qxd4 d6
12. f4 Nc6 13. Qd3 O-O 14. Nc3 Nb4 15. Qd2 ({Leko had had this position with
white some years ago:} 15. Qg3 c5 16. e5 Nh5 17. Qf3 c4 18. Qxh5 cxb3 19. cxb3
dxe5 20. Qxe5 Bb7 21. Rd1 Qc8 22. Qe2 Re8 23. Be3 Qe6 24. Ba7 Qc6 25. Qf3 Qe6
26. Qe2 Qc6 {1/2 Leko,P (2635)-Shirov,A (2685)/Tilburg 1997/CBM 061}) 15... Be6
16. Bxe6 fxe6 17. Qe2 Qe8 18. Be3 Qh5 19. Rf3 Nc6 20. Ra6 b4 21. Nd1 Ne7 22.
Nf2 Qb5 23. Qxb5 Rxb5 24. Bd4 Nh5 25. Nh3 Ng6 26. Ra7 {Being in control of the
only open file, White retains some initiative.} Rc8 27. Rf1 e5 28. fxe5 Nxe5
29. Bxe5 dxe5 30. Nf2 Rc5 31. Nd3 Rxc2 32. Nxb4 Rxb2 33. Nd5 Rcb8 34. Rxc7 h6
35. Re7 Re2 36. Rxe5 {Finally, the symbolic advantage has been converted into
an extra pawn, but Black is active enough to force the exchange of a pair of
rooks, with an inevitable draw.} Nf6 37. Nxf6+ gxf6 38. Ref5 Rbb2 39. R5f2 Kg7
40. g3 Rxf2 41. Rxf2 Rb4 42. Re2 Kg6 43. Kf2 Rb3 44. Rc2 h5 45. h4 Ra3 46. Re2
Rb3 47. Re3 Rb2+ 48. Kf3 Rb1 49. Kf4 Rf1+ 50. Rf3 Re1 51. Rf2 Rg1 52. Kf3 Re1
53. Re2 Rf1+ 54. Rf2 Re1 55. Re2 1/2-1/2

[Event "Andorra op 16th"]
[Site "Andorra"]
[Date "1998.??.??"]
[Round "7"]
[White "Pavlovic, Milos"]
[Black "Kuzmin, Alexey"]
[Result "1-0"]
[WhiteElo "2535"]
[BlackElo "2545"]
[Annotator "Marin,M"]
[PlyCount "79"]
[EventDate "1998.06.??"]
[EventType "swiss"]
[EventRounds "9"]
[EventCountry "AND"]
[SourceTitle "EXT 2003"]
[Source "ChessBase"]
[SourceDate "2002.11.25"]
[SourceVersion "1"]
[SourceVersionDate "2002.11.25"]
[SourceQuality "1"]

1. e4 e5 2. Nf3 Nc6 3. Bb5 a6 4. Ba4 Nf6 5. O-O b5 6. Bb3 Bb7 7. d3 Bc5 8. a4
O-O 9. axb5 axb5 10. Rxa8 Bxa8 11. Nc3 b4 12. Nd5 h6 13. Be3 Bd6 14. Nd2 Nxd5
15. Bxd5 Ne7 16. Bb3 Ng6 17. Nc4 Qe7 18. Qh5 Bc6 19. g3 Bc5 20. Bxc5 Qxc5 21.
Ra1 d6 22. Ra6 Ne7 23. Ne3 Bb7 24. Ra1 Bc8 25. Ra8 Qb5 26. Rxc8 Nxc8 (26...
Rxc8 27. Qxf7+ Kh8 28. Qxe7 $18) 27. Nf5 {Qg6+-} d5 (27... Kh8 28. Bxf7) 28.
Qg4 g6 29. Nxh6+ Kg7 (29... Kh7 30. Qh4 Kg7 31. Ng4 Qb6 32. Qh6+ Kg8 33. Bxd5
$16) 30. Nf5+ Kh7 (30... Kg8 31. Bxd5) 31. Qh4+ Kg8 32. Nh6+ Kg7 33. Ng4 Qb6
34. Qh6+ Kg8 35. Bxd5 Ne7 36. Bc4 (36. Nxe5 Nxd5 37. Nd7 Qd6 38. Nxf8 Nf6 39.
Nxg6 Nh7) 36... Qd6 37. Qg5 Nc6 38. Kg2 (38. Nh6+ Kh7 (38... Kg7 39. Nf5+) 39.
Nxf7) 38... Kg7 39. f4 exf4 40. e5 (40. e5 Qd7 41. Qh6+ Kg8 42. Nf6#) 1-0